| 000 | 01090cam a2200301 i 4500 | ||
|---|---|---|---|
| 001 | 61888 | ||
| 003 | Mx-PuUPA | ||
| 005 | 20230411140709.0 | ||
| 008 | 141208s2013 mx gr 000 0 spa d | ||
| 020 | _a9786070718892 | ||
| 040 |
_aMx-PuUPA _bspa _cMx-PuUPA _dMx-PuUPA _erda |
||
| 041 | 0 | _aspa | |
| 100 | 1 |
_aFuentes Aguirre, Armando, _cCatón, _d1938- _eautor _99144 |
|
| 245 | 1 | 3 |
_aLa otra historia de México : _bla guerra de Dios / _cArmando Fuentes Aguirre, Catón |
| 246 | 1 | 4 |
_aLa guerra de Dios : _bel conflicto cristero. |
| 250 |
_aPrimera edición / _boctubre |
||
| 264 | 1 |
_aMéxico, D. F. : _bEditorial Diana, _c©2013 |
|
| 300 |
_a396 paginas ; _b23 cm |
||
| 336 |
_atexto _2rdacontent _btxt |
||
| 337 |
_asin medio _2rdamedia _bn |
||
| 338 |
_avolumen _2rdacarrier _bnc |
||
| 650 | 7 |
_aIglesia y Estado _zMéxico _xHistoria _2armarc |
|
| 650 | 7 |
_aRebelión Cristera, _y1926 - 1929 _2armarc |
|
| 650 | 7 |
_aConflicto religioso y rebelión cristera, _y1926 - 1929 _2armarc |
|
| 942 |
_2ddc _cLI _h972.0622 _iF953 |
||
| 999 |
_c61888 _d61888 |
||